Flüsse in Deutschland - Statistiken

Allgemein
  • Dieses Quiz wurde 10.505 mal gespielt
  • Das Durchschnittsergebnis liegt bei 16 aus 30
Antwortstatistiken
Hint Antwort % Korrekt
1048 Rhein
99%
2811 Donau
98%
1094 Elbe
93%
524 Main
89%
866 Oder
80%
517 Inn
78%
452 Weser
75%
286 Isar
74%
382 Spree
73%
545 Mosel
68%
367 Neckar
66%
219 Ruhr
58%
325 Havel
57%
371 Ems
54%
218 Fulda
53%
413 Saale
52%
264 Lech
46%
227 Saar
46%
292 Werra
45%
281 Leine
40%
246 Lahn
38%
220 Lippe
35%
260 Aller
33%
220 Altmühl
27%
290 Mulde
21%
257 Weiße Elster
21%
168 Kocher
17%
316 Eger
15%
226 Salzach
14%
208 Elde
13%
Keine übereinstimmenden Quizze gefunden
Verteilung der Resultate
Anzahl Personen mit jedem Resultat
Perzentil nach korrekt beantworteten Fragen
Ihre Resultats-Entwicklung
Sie haben dieses Quiz noch nicht gespielt